Oceanian Geography by Letter - O - Statistics

General Stats
  • This quiz has been taken 85 times
  • The average score is 7 of 14
Answer Stats
Hint Answer % Correct
Sydney's most famous building {Opera} House
97%
The remote regions of Australia Outback
92%
Honolulu's island O‘ahu
87%
National gemstone of Australia Opal
85%
Medical condition 61% of Nauruans are diagnosed with Obesity
77%
Fijian island south of Viti Levu with namesake of Joh Lennon's second wife Ono Island
61%
African bird that is being farmed in Australia, but also has a feral population Ostrich
59%
Nickname of Australia Oz
52%
Another name for the dome-shaped rocks of Kata Tjuta in Northern Territory (hint: also a popular East Slavic female name) Mount {Olga}
46%
Road in the Victoria state that stretches from Torquay to Allansford Great {Ocean}
28%
Region on the South Island where Dunedin is the capital and where the Lord of the Rings was mostly filmed Otago
28%
Tallest mountain in French Polynesia Mont {Orohena}
7%
Tallest mountain in Tasmania Mount {Ossa}
7%
Uninhabited coral atoll that forms a BOT with Pitcairn, Henderson and Ducie Islands Oeno
7%
No matching quizzes found
Score Distribution
Percent of People with Each Score
Percentile by Number Answered
Your Score History
You have not taken this quiz